<?xml version="1.0" encoding="UTF-8"?>
<record
    xmlns:xsi="http://www.w3.org/2001/XMLSchema-instance"
    xsi:schemaLocation="http://www.loc.gov/MARC21/slim http://www.loc.gov/standards/marcxml/schema/MARC21slim.xsd"
    xmlns="http://www.loc.gov/MARC21/slim">

  <leader>01813nam2a22003251  4500</leader>
  <controlfield tag="001">rc\4435678</controlfield>
  <controlfield tag="005">20260406021908.0</controlfield>
  <datafield tag="010" ind1=" " ind2=" ">
    <subfield code="b">&#x412; &#x43F;&#x435;&#x440;.</subfield>
    <subfield code="d">1 &#x440;. 15 &#x43A;.</subfield>
    <subfield code="9">291000</subfield>
  </datafield>
  <datafield tag="021" ind1=" " ind2=" ">
    <subfield code="a">RU</subfield>
    <subfield code="b">[65-16795]</subfield>
  </datafield>
  <datafield tag="035" ind1=" " ind2=" ">
    <subfield code="a">(NLR Aleph) 008578345</subfield>
  </datafield>
  <datafield tag="090" ind1=" " ind2=" ">
    <subfield code="a">8569275</subfield>
    <subfield code="c">8569275</subfield>
  </datafield>
  <datafield tag="100" ind1=" " ind2=" ">
    <subfield code="a">20130416d1965    |||y0rusy50      ca</subfield>
  </datafield>
  <datafield tag="101" ind1="1" ind2=" ">
    <subfield code="a">rus</subfield>
    <subfield code="c">fre</subfield>
  </datafield>
  <datafield tag="102" ind1=" " ind2=" ">
    <subfield code="a">RU</subfield>
  </datafield>
  <datafield tag="105" ind1=" " ind2=" ">
    <subfield code="a">a z |||a|</subfield>
  </datafield>
  <datafield tag="200" ind1="1" ind2=" ">
    <subfield code="a">&#x420;&#x443;&#x433;&#x43E;&#x43D;-&#x41C;&#x430;&#x43A;&#x43A;&#x430;&#x440;&#x44B;</subfield>
    <subfield code="i">&#x414;&#x43E;&#x43A;&#x442;&#x43E;&#x440; &#x41F;&#x430;&#x441;&#x43A;&#x430;&#x43B;&#x44C;</subfield>
    <subfield code="f">[&#x43F;&#x435;&#x440;. &#x415;. &#x42F;&#x445;&#x43D;&#x438;&#x43D;&#x43E;&#x439;</subfield>
    <subfield code="g">&#x43A;&#x43E;&#x43C;&#x43C;&#x435;&#x43D;&#x442;. &#x412;. &#x428;&#x43E;&#x440;</subfield>
    <subfield code="g">&#x438;&#x43B;.: &#x41C;.&#x410;. &#x422;&#x430;&#x440;&#x430;&#x43D;&#x43E;&#x432;]</subfield>
  </datafield>
  <datafield tag="210" ind1=" " ind2=" ">
    <subfield code="a">&#x41C;&#x43E;&#x441;&#x43A;&#x432;&#x430;</subfield>
    <subfield code="c">&#x425;&#x443;&#x434;&#x43E;&#x436;&#x435;&#x441;&#x442;&#x432;&#x435;&#x43D;&#x43D;&#x430;&#x44F; &#x43B;&#x438;&#x442;&#x435;&#x440;&#x430;&#x442;&#x443;&#x440;&#x430;</subfield>
    <subfield code="d">1965</subfield>
  </datafield>
  <datafield tag="215" ind1=" " ind2=" ">
    <subfield code="a">386 &#x441;., 1 &#x43B;. &#x442;&#x430;&#x431;&#x43B;.</subfield>
    <subfield code="c">&#x438;&#x43B;.</subfield>
    <subfield code="d">21</subfield>
  </datafield>
  <datafield tag="461" ind1=" " ind2="0">
    <subfield code="1">001rc\4435662</subfield>
    <subfield code="1">2001#$a&#x421;&#x43E;&#x431;&#x440;&#x430;&#x43D;&#x438;&#x435; &#x441;&#x43E;&#x447;&#x438;&#x43D;&#x435;&#x43D;&#x438;&#x439;$e&#x432; 26-&#x442;&#x438; &#x442;&#x43E;&#x43C;&#x430;&#x445;$e&#x43F;&#x435;&#x440;&#x435;&#x432;&#x43E;&#x434; &#x441; &#x444;&#x440;&#x430;&#x43D;&#x446;&#x443;&#x437;&#x441;&#x43A;&#x43E;&#x433;&#x43E;$f&#x42D;&#x43C;&#x438;&#x43B;&#x44C; &#x417;&#x43E;&#x43B;&#x44F;$g&#x43F;&#x43E;&#x434; &#x43E;&#x431;&#x449;. &#x440;&#x435;&#x434;. &#x418;. &#x410;&#x43D;&#x438;&#x441;&#x438;&#x43C;&#x43E;&#x432;&#x430; [&#x438; &#x434;&#x440;.$g&#x432;&#x441;&#x442;&#x443;&#x43F;. &#x441;&#x442;&#x430;&#x442;&#x44C;&#x44F; &#x418;. &#x410;&#x43D;&#x438;&#x441;&#x438;&#x43C;&#x43E;&#x432;&#x430;, &#x441;. V-XXXI]$v&#x422;. 16</subfield>
    <subfield code="9">8569180</subfield>
    <subfield code="a">&#x417;&#x43E;&#x43B;&#x44F;, &#x42D;. (1840-1902)</subfield>
    <subfield code="c">&#x41C;&#x43E;&#x441;&#x43A;&#x432;&#x430;</subfield>
    <subfield code="d">1960-1967</subfield>
    <subfield code="f">&#x42D;&#x43C;&#x438;&#x43B;&#x44C; &#x417;&#x43E;&#x43B;&#x44F;</subfield>
    <subfield code="n">&#x413;&#x43E;&#x441;&#x43B;&#x438;&#x442;&#x438;&#x437;&#x434;&#x430;&#x442;</subfield>
    <subfield code="o">&#x432; 26-&#x442;&#x438; &#x442;&#x43E;&#x43C;&#x430;&#x445; : &#x43F;&#x435;&#x440;&#x435;&#x432;&#x43E;&#x434; &#x441; &#x444;&#x440;&#x430;&#x43D;&#x446;&#x443;&#x437;&#x441;&#x43A;&#x43E;&#x433;&#x43E;</subfield>
    <subfield code="t">&#x421;&#x43E;&#x431;&#x440;&#x430;&#x43D;&#x438;&#x435; &#x441;&#x43E;&#x447;&#x438;&#x43D;&#x435;&#x43D;&#x438;&#x439;</subfield>
    <subfield code="v">&#x422;. 16</subfield>
  </datafield>
  <datafield tag="464" ind1=" " ind2="0">
    <subfield code="1">2001#$a&#x414;&#x43E;&#x43A;&#x442;&#x43E;&#x440; &#x41F;&#x430;&#x441;&#x43A;&#x430;&#x43B;&#x44C;</subfield>
    <subfield code="t">&#x414;&#x43E;&#x43A;&#x442;&#x43E;&#x440; &#x41F;&#x430;&#x441;&#x43A;&#x430;&#x43B;&#x44C;</subfield>
  </datafield>
  <datafield tag="545" ind1="1" ind2=" ">
    <subfield code="a">&#x414;&#x43E;&#x43A;&#x442;&#x43E;&#x440; &#x41F;&#x430;&#x441;&#x43A;&#x430;&#x43B;&#x44C;</subfield>
  </datafield>
  <datafield tag="702" ind1=" " ind2="1">
    <subfield code="4">212</subfield>
    <subfield code="a">&#x428;&#x43E;&#x440;</subfield>
    <subfield code="b">&#x412;.&#x415;.</subfield>
    <subfield code="f">1917-1971</subfield>
    <subfield code="g">&#x412;&#x43B;&#x430;&#x434;&#x438;&#x43C;&#x438;&#x440; &#x415;&#x444;&#x438;&#x43C;&#x43E;&#x432;&#x438;&#x447;</subfield>
    <subfield code="3">RU\NLR\AUTH\7768689</subfield>
    <subfield code="9">51617</subfield>
  </datafield>
  <datafield tag="702" ind1=" " ind2="1">
    <subfield code="a">&#x42F;&#x445;&#x43D;&#x438;&#x43D;&#x430;</subfield>
    <subfield code="b">&#x415;. &#x418;.</subfield>
    <subfield code="f">1899-</subfield>
    <subfield code="g">&#x415;&#x432;&#x433;&#x435;&#x43D;&#x438;&#x44F; &#x418;&#x43E;&#x441;&#x438;&#x444;&#x43E;&#x432;&#x43D;&#x430;</subfield>
    <subfield code="4">730</subfield>
  </datafield>
  <datafield tag="702" ind1=" " ind2="1">
    <subfield code="4">440</subfield>
    <subfield code="8">rus</subfield>
    <subfield code="7">ca</subfield>
    <subfield code="a">&#x422;&#x430;&#x440;&#x430;&#x43D;&#x43E;&#x432;</subfield>
    <subfield code="b">&#x41C;. &#x410;.</subfield>
    <subfield code="f">1909-1973</subfield>
    <subfield code="g">&#x41C;&#x438;&#x445;&#x430;&#x438;&#x43B; &#x410;&#x444;&#x430;&#x43D;&#x430;&#x441;&#x44C;&#x435;&#x432;&#x438;&#x447;</subfield>
    <subfield code="3">RU\NLR\AUTH\77123431</subfield>
    <subfield code="9">106356</subfield>
  </datafield>
  <datafield tag="801" ind1=" " ind2="0">
    <subfield code="a">RU</subfield>
    <subfield code="b">NLR</subfield>
    <subfield code="c">20130416</subfield>
    <subfield code="g">psbo</subfield>
  </datafield>
  <datafield tag="801" ind1=" " ind2="1">
    <subfield code="a">RU</subfield>
    <subfield code="b">ELAR</subfield>
    <subfield code="c">20130416</subfield>
    <subfield code="2">rusmarc</subfield>
  </datafield>
  <datafield tag="801" ind1=" " ind2="2">
    <subfield code="a">RU</subfield>
    <subfield code="b">NLR</subfield>
    <subfield code="c">20141028</subfield>
    <subfield code="2">rusmarc</subfield>
  </datafield>
  <datafield tag="852" ind1=" " ind2=" ">
    <subfield code="a">NLR</subfield>
    <subfield code="j">61-3/403 (16)</subfield>
  </datafield>
  <datafield tag="942" ind1=" " ind2=" ">
    <subfield code="c">BOOK</subfield>
  </datafield>
  <datafield tag="980" ind1=" " ind2=" ">
    <subfield code="a">NB</subfield>
  </datafield>
  <datafield tag="995" ind1=" " ind2=" ">
    <subfield code="5">2013-10-26</subfield>
    <subfield code="b">NLR01</subfield>
    <subfield code="c">NLR01</subfield>
    <subfield code="e">RF31</subfield>
    <subfield code="f">8578345-10</subfield>
    <subfield code="k">61-3/403</subfield>
    <subfield code="o">0</subfield>
    <subfield code="r">BOOK</subfield>
    <subfield code="s">613403_</subfield>
  </datafield>
  <datafield tag="995" ind1=" " ind2=" ">
    <subfield code="5">2014-03-07</subfield>
    <subfield code="b">NLR01</subfield>
    <subfield code="c">NLR01</subfield>
    <subfield code="e">OZ2</subfield>
    <subfield code="f">1-367580</subfield>
    <subfield code="k">&#x41B;1 &#x428;6(4&#x424;&#x440;)/&#x417;-819</subfield>
    <subfield code="o">0</subfield>
    <subfield code="p">1.15</subfield>
    <subfield code="r">BOOK</subfield>
    <subfield code="s">1_64819</subfield>
  </datafield>
</record>
